|
|
|
|
| LEADER |
03215nem a2200613 a 4500 |
| 001 |
mzk03001178926 |
| 003 |
CZ BrMZK |
| 005 |
20130819092207.0 |
| 007 |
aj|canzn |
| 008 |
090424s1785 gw d||||||a|||r|0|||ger|d |
| 034 |
1 |
|
|a a
|b 1200000
|d E0222443
|e E0322851
|f N0485822
|g N0433254
|
| 040 |
|
|
|a BOA001
|b cze
|d BOE950
|
| 041 |
0 |
|
|a ger
|a fre
|
| 043 |
|
|
|a e-rm---
|a e-mv---
|
| 072 |
|
7 |
|a 912:904
|x Staré mapy
|2 Konspekt
|9 7
|
| 080 |
|
|
|a 025.171
|2 MRF
|
| 080 |
|
|
|a (498)
|2 MRF
|
| 080 |
|
|
|a (498)
|2 MRF
|
| 080 |
|
|
|a (478)
|2 MRF
|
| 080 |
|
|
|a (084.3)
|2 MRF
|
| 100 |
1 |
|
|a Güssefeld, Franz L.
|q (Ludwig),
|d 1744-1807
|7 mzk2008469329
|4 aut
|
| 245 |
1 |
0 |
|a Charte von der Moldau und Walachey
|h [kartografický dokument] =
|b Charte de la Moldaviae & de la Valachie /
|c nach den Astronomischen Beobachtungen des Russisch-Kayserl. Majors Jslenief und denen Charten und Beschreibung des H. Hauptm. Sulzer, ingl. den Charten des ehmal. Russ. Kaysl. Gen.-Lieut. v. Bauer über die Moldau u.a.m. entworfen von F. L. Güssefeld ; I. M: Schmidt sc. Charte de la Moldaviae & de la Valachie
|
| 246 |
3 |
1 |
|a Charte de la Moldaviae & de la Valachie
|h [kartografický dokument]
|
| 255 |
|
|
|a Měřítko [ca 1:1 200 000]. 8,9 cm = 15 Geographische deutsche Meilen 15. auf einen Grad ; 8,5 cm = 13 Hungarische Meilen 13 1/2 auf einen Grad ; 8 cm = 10 Russische Werst 104 1/2 auf 1 Grad
|c (022°24´43" v.d.--032°28´51" v.d./048°58´22" s.š.--043°32´54" s.š.)
|
| 260 |
|
|
|a Nürnberg :
|b bey denen Homaennischen Erben,
|c 1785
|
| 300 |
|
|
|a 1 mapa :
|b mědirytina, ručně kolorovaná ;
|c 45, 5 x 57 cm, na listu 48, 5 x 59 cm
|
| 500 |
|
|
|a Výzdoba: V pravém dolním rohu názvová deska s grafickými měřítky a mědirytinovou výzdobou, v mapovém rámci geografické souřadnice (Ferro), souřadnicová síť, nad mapou variantní francouzský název
|
| 500 |
|
|
|a Na rubu rukopisná poznámka "Moldau und Walachey"
|
| 500 |
|
|
|a Nullmeridian: Ferro
|
| 546 |
|
|
|a Souběžný německý a francouzský název
|
| 561 |
|
|
|a Provenience: [stará signatura] 48.1.
|
| 561 |
|
|
|a Provenience: [stará signatura] - 82
|
| 561 |
|
|
|a Provenience: [m.p.] Moldau M 48
|
| 510 |
3 |
|
|a IKAR
|
| 650 |
0 |
7 |
|a historické knihovní fondy
|7 ph172933
|2 czenas
|
| 655 |
|
7 |
|a staré mapy
|7 fd674099
|2 czenas
|
| 651 |
|
7 |
|a Valašsko (Rumunsko)
|7 ge131228
|2 czenas
|
| 651 |
|
7 |
|a Moldova (Rumunsko)
|7 ge129982
|2 czenas
|
| 651 |
|
7 |
|a Moldavsko
|7 ge130063
|2 czenas
|
| 700 |
1 |
|
|a Schmidt, Johann Marius Friedrich,
|d 1776-1849
|7 mzk2010577163
|4 egr
|
| 700 |
1 |
|
|a Sulzer, Johann Anton,
|d 1752-1828
|7 mzk2003199048
|4 ant
|
| 700 |
1 |
|
|a Islenev, Ivan Ivanovic,
|d 1738-1784
|4 ant
|
| 700 |
1 |
|
|a Bauer
|4 ant
|
| 710 |
2 |
|
|a Homann Erben (firma)
|7 xx0031459
|4 pbl
|
| 856 |
4 |
2 |
|u http://gauss.suub.uni-bremen.de/suub/hist/index.jsp?id=V.2.a.235-335
|z Digitalizovaný exemplář Staats- und Universitätsbibliothek Bremen
|
| 903 |
|
|
|a RP
|
| 910 |
|
|
|e BOE950
|c R - CCCCLXLVI (I.I.b.)
|
| 978 |
|
|
|b Homann, Johann Baptista - dědici
|a Nürnberg
|c 1785
|
| 984 |
|
|
|a Norimberk
|b Německo
|
| 985 |
|
|
|a 1751-1800
|
| 990 |
|
|
|a MP
|
| 996 |
|
|
|e BOE950
|c R - CCCCLXLVI (I.I.b.)
|
| 991 |
|
|
|k rajhrad
|
| 980 |
|
|
|c 290767
|g R - CCCCLXLVI (I.I.b.)
|d 20090424
|t 5
|1 328100290767
|z KR
|